| 000 | 00586nam a2200217Ia 4500 | ||
|---|---|---|---|
| 003 | OSt | ||
| 005 | 20250214115523.0 | ||
| 008 | 210210b2003 xxu||||| |||| 00| 0 eng d | ||
| 020 | _a81 88365 01 7 | ||
| 040 | _cAL | ||
| 041 | _aKannada | ||
| 082 | _a649.3K ASHE | ||
| 100 |
_aASHA BENAKAPPA. _dಆಶಾ ಬೆನಕಪ್ಪ _9199724 |
||
| 245 |
_aEdehalu. _bಎದೆಹಾಲು |
||
| 260 |
_aBengaluru. _bNagashri Buk Haus., _c2003 |
||
| 300 | _a152 | ||
| 650 |
_aBreast Feeding Child Care _9199725 |
||
| 690 |
_aHome Economics _9199726 |
||
| 906 | _a058306 | ||
| 942 |
_2ddc _cBK |
||
| 999 |
_c105634 _d105634 |
||